000 00679nam a2200229Ii 4500
003 JO-AjNU
008 230605s9999||||xx |||||||||||||| ||und||
017 _a2008/9/3327
020 _a9957-16-480-5
040 _aJO-AjNU
_bara
_erda
_cJO-AjNU
041 _aara
050 1 4 _aRA1051.J3248 2002
100 3 _aالجابري ، جلال,
_eauthor
_931344
245 0 0 _aالطب الشرعي القضائي
250 _aط1
264 3 1 _aعمان:دار الثقافه ،2009
300 _a332ص
336 _atext
_btxt
_2rdacontent
337 _aunmediated
_bn
_2rdamedia
338 _avolume
_bnc
_2rdacarrier
650 4 _aالطب الشرعي القضائي
_931345
999 _aA12528
_c16096
_d16096